Statistics for Countries Most Similar to Algeria

Click here to take the quiz!

General Stats

  • This quiz has been taken 58 times
  • The average score is 7 of 10

Answer Stats

#CountryStarts withContinent% Correct
Population43,053,054 AlgeriaA|B|C|D|E|F|G|H|I|J|K|L|M|N|O|P|Q|R|S|T|U|V|W|X|Y|ZAAfrica
100%
Area919,595 AlgeriaA|B|C|D|E|F|G|H|I|J|K|L|M|N|O|P|Q|R|S|T|U|V|W|X|Y|ZAAfrica
100%
Area830,000Saudi ArabiaSAsia
63%
Population42,813,238SudanSAfrica
63%
Area905,355Democratic Republic of the CongoDAfrica
62%
Population39,309,783IraqIAsia
62%
Population44,269,594UgandaUAfrica
62%
Population44,780,677ArgentinaASouth America
56%
Population46,736,776SpainSEurope
56%
Population43,993,638UkraineUEurope
54%

Score Distribution

Percentile by Number Answered

Percent of People with Each Score

Your Score History

You have not taken this quiz